00793cam a22002171 4500001001300000003000400013005001700017008004100034010001700075035001900092040004000111050001500151082001200166100003000178245014900208260004200357300002500399440005600424500005200480650004300532af 50000156 DLC20260227110920.0760331s1940 xx a 001 0 ger c aaf 50000156  a(OCoLC)2083062 aNew York Public LibrarycNPurUdDLC00aML275b.W5 a780.9431 aWerner, Arno,d1865-1955.10aFreie Musikgemeinschaften alter Zeit im mitteldeutschen Raum.cIm Auftrage des Oberbürgermeisters hrsg. vom Kulturamt der Händelstadt Halle. aWolfenbüttel,bG. Kallmeyer,c1940. a60 p.billus.c25cm. 0aSchriftenreihe des Händelhauses in Halle,vHeft 7 a"Literatur- und Fundstellennachweis": p. 55-56. 0aMusiczGermanyxHistory and criticism.